Sci-Fi Movies Starting with L - Statistics

General Stats
  • This quiz has been taken 5 times
    2 since last reset
  • The average score is 6 of 9
Answer Stats
# Answer % Correct
1 Land of the Lost
100%
4 Lilo & Stitch
100%
6 Logan
100%
5 Little Shop of Horrors
50%
7 Looper
50%
8 Lost Continent
50%
9 Lost In Space
50%
2 The Land that Time Forgot
50%
3 Lightyear
0%
No matching quizzes found
Score Distribution
Percent of People with Each Score
Percentile by Number Answered
Your Score History
You have not taken this quiz since the last reset